[Event "Budapest FS12 FM"]
[Site "Budapest"]
[Date "2016.12.09"]
[Round "6"]
[White "Jagadics, Arnold"]
[Black "Baracca, Paolo"]
[Result "0-1"]
[WhiteElo "1933"]
[BlackElo "2043"]
[PlyCount "70"]
[EventDate "2016.12.03"]
[EventType "tourn"]
[EventRounds "10"]
[EventCountry "HUN"]
[SourceTitle "CBM 176 Extra"]
[Source "ChessBase"]
[SourceDate "2017.03.02"]
[SourceVersion "1"]
[SourceVersionDate "2017.03.02"]
[SourceQuality "1"]

1. e4 e5 2. Nf3 Nc6 3. Bc4 Nf6 4. d3 Be7 5. Nc3 h6 6. Nd5 d6 7. a3 Nxd5 8. exd5 Nb8 9. 0-0 0-0 10. Re1 Bg4 11. d4 Nd7 12. c3 Bf6 13. dxe5 dxe5 14. Be2 Re8 15. Be3 Nb6 16. Bxb6 axb6 17. c4 Bf5 18. Qb3 e4 19. Nd2 Qd6 20. Nf1 Be5 21. g3 Bd7 22. Ne3 Bd4 23. Bg4 Ba4 24. Qa2 g6 25. Rac1 f5 26. Bd1 Bd7 27. Ng2 Kg7 28. Bc2 Qe5 29. Rb1 b5 30. b3 g5 31. a4 c6 32. dxc6 Bxc6 33. a5 b4 34. Bd3 Rxa5 35. Qc2 exd3 0-1

[Event "Budapest FS12 FM"]
[Site "Budapest"]
[Date "2016.12.06"]
[Round "4"]
[White "Juracsik, Jozsef"]
[Black "Jagadics, Arnold"]
[Result "1-0"]
[WhiteElo "2089"]
[BlackElo "1933"]
[PlyCount "115"]
[EventDate "2016.12.03"]
[EventType "tourn"]
[EventRounds "10"]
[EventCountry "HUN"]
[SourceTitle "CBM 176 Extra"]
[Source "ChessBase"]
[SourceDate "2017.03.02"]
[SourceVersion "1"]
[SourceVersionDate "2017.03.02"]
[SourceQuality "1"]

1. e4 c5 2. Nf3 d6 3. b3 Nf6 4. Nc3 Nc6 5. Bb2 e6 6. Bb5 Bd7 7. 0-0 a6 8. Bxc6 Bxc6 9. Re1 e5 10. d3 Be7 11. a4 0-0 12. a5 Re8 13. Nd2 Bf8 14. Nc4 Qc7 15. Na4 Re6 16. Nab6 Rae8 17. Ne3 Rd8 18. c4 g6 19. Ned5 Bxd5 20. cxd5 Ree8 21. f4 Nd7 22. Nxd7 Qxd7 23. fxe5 dxe5 24. Rf1 Bg7 25. Qc2 Rc8 26. Rf3 f5 27. exf5 gxf5 28. Raf1 Rf8 29. Qc4 Kh8 30. Re1 Qd6 31. Rfe3 Rfe8 32. Rh3 Rcd8 33. Qh4 h6 34. Qh5 Qxd5 35. Qxf5 Qe6 36. Qxe6 Rxe6 37. Rhe3 Rd5 38. Bc3 b5 39. Kf2 Kg8 40. g3 Kf7 41. Rf3+ Rf6 42. Ree3 Ke6 43. Rxf6+ Bxf6 44. Ke2 b4 45. Bd2 h5 46. Re4 Rd4 47. Be3 Rxe4 48. dxe4 Kd6 49. Kd3 Kc6 50. Kc4 Be7 51. h3 Bd8 52. Bxc5 Bxa5 53. Bxb4 Bd8 54. Bf8 Bf6 55. Bh6 Bh8 56. g4 hxg4 57. hxg4 Kd6 58. g5 1-0

[Event "Budapest Spring op"]
[Site "Budapest"]
[Date "2016.03.22"]
[Round "4"]
[White "Teglas, Balazs"]
[Black "Jagadics, Arnold"]
[Result "1-0"]
[WhiteElo "2165"]
[BlackElo "1876"]
[PlyCount "89"]
[EventDate "2016.03.18"]
[EventType "swiss"]
[EventRounds "9"]
[EventCountry "HUN"]
[SourceTitle "CBM 171 Extra"]
[Source "ChessBase"]
[SourceDate "2016.04.26"]
[SourceVersion "1"]
[SourceVersionDate "2016.04.26"]
[SourceQuality "1"]

1. e4 c5 2. c3 Nf6 3. e5 Nd5 4. d4 cxd4 5. Nf3 Nc6 6. cxd4 d6 7. Bc4 Nb6 8. Bb5 a6 9. Bxc6+ bxc6 10. 0-0 d5 11. Nc3 h6 12. h3 e6 13. Qe2 a5 14. Rd1 Be7 15. Bf4 0-0 16. Rac1 Bd7 17. Ne1 c5 18. dxc5 Bxc5 19. Qh5 Be7 20. Nf3 Be8 21. Qg4 Kh7 22. Ne4 Nd7 23. Nd6 Bxd6 24. exd6 f5 25. Qg3 Bh5 26. Ne5 Nxe5 27. Bxe5 Rf7 28. Rc7 Rxc7 29. dxc7 Qd7 30. Rc1 Rc8 31. Qd3 Bg6 32. Qc3 a4 33. b4 axb3 34. axb3 f4 35. f3 Bf5 36. Qc6 Qe7 37. Qb7 Qd7 38. Qc6 Qe7 39. Qb7 Qd7 40. Rd1 g5 41. b4 Bc2 42. Rc1 Bd3 43. Ra1 Bb5 44. Ra8 Bc6 45. Qxc8 1-0

[Event "Budapest Spring op"]
[Site "Budapest"]
[Date "2016.03.21"]
[Round "3"]
[White "Jagadics, Arnold"]
[Black "Kis, Bela"]
[Result "1-0"]
[WhiteElo "1876"]
[BlackElo "2079"]
[PlyCount "55"]
[EventDate "2016.03.18"]
[EventType "swiss"]
[EventRounds "9"]
[EventCountry "HUN"]
[SourceTitle "CBM 171 Extra"]
[Source "ChessBase"]
[SourceDate "2016.04.26"]
[SourceVersion "1"]
[SourceVersionDate "2016.04.26"]
[SourceQuality "1"]

1. e4 d6 2. d4 Nf6 3. Bd3 g6 4. Nf3 Bg7 5. h3 0-0 6. c4 c5 7. d5 e6 8. 0-0 exd5 9. exd5 Nbd7 10. Nc3 Ne8 11. Bf4 Bxc3 12. bxc3 f6 13. Qc2 Ne5 14. Nxe5 dxe5 15. Bh6 Ng7 16. f4 exf4 17. Rxf4 f5 18. Qf2 Nh5 19. Rf3 Re8 20. Qxc5 Bd7 21. Qd4 Qe7 22. c5 Rac8 23. d6 Qe5 24. Bc4+ Kh8 25. Re3 Qf6 26. Rae1 Qxd4 27. cxd4 Nf6 28. Re7 1-0

[Event "Budapest Spring op"]
[Site "Budapest"]
[Date "2016.03.19"]
[Round "2"]
[White "Fodor, Kornel"]
[Black "Jagadics, Arnold"]
[Result "0-1"]
[WhiteElo "1687"]
[BlackElo "1876"]
[PlyCount "84"]
[EventDate "2016.03.18"]
[EventType "swiss"]
[EventRounds "9"]
[EventCountry "HUN"]
[SourceTitle "CBM 171 Extra"]
[Source "ChessBase"]
[SourceDate "2016.04.26"]
[SourceVersion "1"]
[SourceVersionDate "2016.04.26"]
[SourceQuality "1"]

1. e4 c5 2. Nf3 d6 3. c4 Nf6 4. Nc3 e5 5. Be2 Nc6 6. 0-0 Be7 7. d3 h6 8. Ne1 Nd4 9. f4 a6 10. f5 b5 11. Nc2 Qb6 12. Nxd4 cxd4 13. Nd5 Nxd5 14. cxd5 Bf6 15. Bd2 Bd7 16. Rc1 Ke7 17. g4 a5 18. Qe1 Bg5 19. h4 Bxd2 20. Qxd2 f6 21. Rf2 Rac8 22. Rxc8 Rxc8 23. g5 hxg5 24. hxg5 Qc7 25. gxf6+ gxf6 26. Bd1 Qc1 27. Qe2 Qh6 28. Rh2 Rg8+ 29. Kh1 Qg7 30. Qg2 Be8 31. Qxg7+ Rxg7 32. Rg2 Kf8 33. Rxg7 Kxg7 34. Kg2 Kh6 35. Kg3 Kg5 36. Be2 b4 37. b3 a4 38. Bd1 Bb5 39. Be2 Be8 40. Bd1 Bb5 41. Be2 a3 42. Bf1 Ba4 0-1

[Event "Budapest FS02 FM"]
[Site "Budapest"]
[Date "2016.02.12"]
[Round "6"]
[White "Jagadics, Arnold"]
[Black "Kovacs, Judit"]
[Result "0-1"]
[WhiteElo "1899"]
[BlackElo "2036"]
[PlyCount "88"]
[EventDate "2016.02.06"]
[EventType "tourn"]
[EventRounds "9"]
[EventCountry "HUN"]
[SourceTitle "CBM 170 Extra"]
[Source "ChessBase"]
[SourceDate "2016.02.25"]
[SourceVersion "1"]
[SourceVersionDate "2016.02.25"]
[SourceQuality "1"]

1. e4 c5 2. Nf3 e6 3. d4 cxd4 4. Nxd4 a6 5. c4 Nf6 6. Nc3 Bb4 7. Bd2 Qc7 8. Qc2 Nc6 9. Nf3 Bd6 10. a3 Ne5 11. Nxe5 Bxe5 12. g3 Bd4 13. Be2 0-0 14. 0-0 d5 15. cxd5 exd5 16. Qd3 Bxc3 17. Bxc3 dxe4 18. Qd2 Bh3 19. Rfe1 Qc6 20. Qg5 h6 21. Qh4 Bf5 22. Rac1 Qb6 23. g4 Bg6 24. g5 hxg5 25. Qxg5 Rfd8 26. Rcd1 Rxd1 27. Rxd1 Qe6 28. Qg3 Qf5 29. Rd6 Nd5 30. Bd4 Rc8 31. h4 e3 32. fxe3 Rc1+ 33. Kh2 Rc2 34. Qg2 Nxe3 35. Rd8+ Kh7 36. Bxe3 Qe5+ 37. Kg1 Qxe3+ 38. Kf1 Rc1+ 39. Rd1 Rxd1+ 40. Bxd1 Bd3+ 41. Be2 Qc1+ 42. Kf2 Qxb2 43. Ke3 Qxe2+ 44. Qxe2 Bxe2 0-1

[Event "Budapest FS02 FM"]
[Site "Budapest"]
[Date "2016.02.09"]
[Round "4"]
[White "Jagadics, Arnold"]
[Black "Kovacsy, Barnabas"]
[Result "1/2-1/2"]
[WhiteElo "1899"]
[BlackElo "1936"]
[PlyCount "120"]
[EventDate "2016.02.06"]
[EventType "tourn"]
[EventRounds "9"]
[EventCountry "HUN"]
[SourceTitle "CBM 170 Extra"]
[Source "ChessBase"]
[SourceDate "2016.02.25"]
[SourceVersion "1"]
[SourceVersionDate "2016.02.25"]
[SourceQuality "1"]

1. e4 c5 2. Nf3 e6 3. c3 d5 4. e5 Nc6 5. d4 Qb6 6. Bd3 Bd7 7. Be2 Nge7 8. Na3 cxd4 9. cxd4 Nf5 10. Nc2 Nb4 11. Ne3 Nxe3 12. fxe3 Rc8 13. 0-0 Be7 14. a3 Nc2 15. Rb1 Nxa3 16. Ra1 Nc2 17. Ra2 a6 18. b3 Nb4 19. Ra1 Bb5 20. Bd2 Nc2 21. Bxb5+ Qxb5 22. Rc1 Qxb3 23. Ne1 0-0 24. Nxc2 Rc4 25. Na1 Qa3 26. Qb3 b5 27. Rc3 Qxb3 28. Nxb3 b4 29. Rcc1 Ra8 30. Ra1 Bd8 31. Ra4 a5 32. Rfa1 Rb8 33. Kf1 h6 34. Ke2 Kh7 35. Kd3 Kg6 36. Rc1 Rbc8 37. Nc5 Rxc1 38. Bxc1 Bb6 39. Ra2 Bxc5 40. Rc2 a4 41. Rxc5 Rb8 42. Kc2 Kf5 43. Rc7 f6 44. exf6 gxf6 45. Rh7 a3 46. Kb3 Ra8 47. Kxb4 a2 48. Bb2 Kg6 49. Re7 a1Q 50. Bxa1 Rxa1 51. Rxe6 Ra2 52. Re8 Kf7 53. Rh8 Kg7 54. Rd8 Rxg2 55. Kc5 Re2 56. Rxd5 Rxe3 57. h4 Re7 58. h5 Kf7 59. Kd6 Re6+ 60. Kc7 Re7+ 1/2-1/2